WORLD Map Quiz - Statistics

General Stats
  • This quiz has been taken 6 times
  • The average score is 67 of 192
Answers on the Map
Answers color-coded by a green-red scale on the quiz's map according to % correct below.
 
Answer Stats
Answer % Correct
Russia
100%
Italy
80%
Philippines
80%
Poland
80%
Portugal
80%
Qatar
80%
Spain
80%
Sri Lanka
80%
Turkey
80%
UAE
80%
Ukraine
80%
United Kingdom
80%
USA
80%
Afghanistan
60%
Albania
60%
Algeria
60%
Canada
60%
Cuba
60%
Cyprus
60%
France
60%
Germany
60%
Iceland
60%
India
60%
Iran
60%
Ireland
60%
North Korea
60%
Peru
60%
South Africa
60%
Switzerland
60%
Syria
60%
Taiwan
60%
Thailand
60%
Uzbekistan
60%
Vietnam
60%
Yemen
60%
Angola
40%
Argentina
40%
Armenia
40%
Austria
40%
Azerbaijan
40%
Bangladesh
40%
Belarus
40%
Belize
40%
Benin
40%
Bhutan
40%
Bulgaria
40%
Burkina Faso
40%
Cameroon
40%
Chad
40%
Comoros
40%
Croatia
40%
Czech Republic
40%
DRC
40%
East Timor
40%
Ecuador
40%
Egypt
40%
El Salvador
40%
Equatorial Guinea
40%
Eritrea
40%
Eswatini
40%
Ethiopia
40%
Finland
40%
Georgia
40%
Ghana
40%
Greece
40%
Guatemala
40%
Haiti
40%
Hungary
40%
Indonesia
40%
Iraq
40%
Jamaica
40%
Jordan
40%
Kazakhstan
40%
Kenya
40%
Kuwait
40%
Kyrgyzstan
40%
Laos
40%
Latvia
40%
Lithuania
40%
Madagascar
40%
Malawi
40%
Malaysia
40%
Mali
40%
Malta
40%
Mauritania
40%
Mauritius
40%
Mexico
40%
Moldova
40%
Mongolia
40%
Montenegro
40%
Morocco
40%
Mozambique
40%
Myanmar
40%
Nepal
40%
Netherlands
40%
New Zealand
40%
Nicaragua
40%
Niger
40%
Nigeria
40%
Norway
40%
Oman
40%
Pakistan
40%
Papua New Guinea
40%
Romania
40%
Senegal
40%
Serbia
40%
Seychelles
40%
Slovenia
40%
Somalia
40%
South Korea
40%
South Sudan
40%
Sudan
40%
Sweden
40%
Tajikistan
40%
Tunisia
40%
Turkmenistan
40%
Uganda
40%
Uruguay
40%
Zimbabwe
40%
Andorra
20%
Australia
20%
Bahamas
20%
Belgium
20%
Bolivia
20%
Burundi
20%
Cambodia
20%
Cape Verde
20%
Cape Verde
20%
Central African Republic
20%
Chile
20%
Costa Rica
20%
Denmark
20%
Dominican Republic
20%
Fiji
20%
Gabon
20%
Guinea
20%
Guyana
20%
Honduras
20%
Israel
20%
Ivory Coast
20%
Japan
20%
Kiribati
20%
Kosovo
20%
Lebanon
20%
Lesotho
20%
Liberia
20%
Luxembourg
20%
Maldives
20%
Marshall Islands
20%
Namibia
20%
Nauru
20%
North Macedonia
20%
Palau
20%
Panama
20%
Paraguay
20%
Rwanda
20%
Samoa
20%
Sao Tome and Principe
20%
Sierra Leone
20%
Slovakia
20%
Solomon Islands
20%
Suriname
20%
Tanzania
20%
Togo
20%
Tuvalu
20%
Vanuatu
20%
Venezuela
20%
Zambia
20%
Antigua and Barbuda
0%
Bahrain
0%
Barbados
0%
Brueni
0%
CHinaColombia
0%
Congo
0%
Dijbouti
0%
Dominica
0%
FSM
0%
Gambia
0%
Grenada
0%
Guinea Bassau
0%
Liechrenstein
0%
Lybia
0%
Monaco
0%
Saint Kitts and Nevis
0%
Saint Lucia
0%
Saint Vincent and Grenadines
0%
San Marino
0%
Saudia Arabia
0%
Singapore
0%
Tonga
0%
Trinidad and Tobago
0%
Vatican City
0%
No matching quizzes found
Score Distribution
Percent of People with Each Score
Percentile by Number Answered
Your Score History
You have not taken this quiz